Quizzes
Events
Quiz Creation
Community
Videos
Private Events
Remove Ads
Sign In
Join for FREE
Feedback
Dark Mode
Quiz Categories
Sports
Geography
Music
Movies
Television
Just For Fun
Miscellaneous
History
Literature
Language
Science
Gaming
Entertainment
Religion
Holiday
For Kids
Quiz Lab
Recent
Popular Today
Quiz Kudos Today
Editor Picks
Curator Picks
Quizzes by...
Day
Popularity
Type
Ratings
Length
Year
Community
Subscriptions
Recent Discussions
Orange Saloon
Badges
Playlists
Quests
Create
Leaderboards
Showdown
Live 5
Trivia Bingo
Activity
Puzzle Library
Sporcle Events
Private Events
Virtual Trivia
Globe League
Become a Host
Pub Owners
SporcleCon
Opinionation
Our Games
Videos
Blog
Mobile Apps
Partnerships
Remove Ads and Go Orange
Feedback
Sports
Athletes
MLB
NBA
NHL
NFL
Soccer
Sports Teams
WWE
NCAA
Football
Premier League
Basketball
Baseball
Hockey
Golf
Tennis
Cricket
Rugby
Auto Racing
Olympics
World Cup
Sports
Athletes
MLB
NBA
NHL
NFL
Soccer
Sports Teams
WWE
NCAA
Football
Premier League
Basketball
Baseball
Hockey
Golf
Tennis
Cricket
Rugby
Auto Racing
Olympics
World Cup
Random Quiz
Search Sporcle
×
Quiz Lab
Quiz Lab
Sports
MVP Awards
Type in answers that appear in a list
Type in answers that appear in a list
Classic
Best Score? Go Orange.
1982 American League MVP Award Voting Stats
Can you name the 1982 American League MVP Award Voting?
By
Baseballisfun
8m
34 Questions
102 Plays
102 Plays
102 Plays
Comments
Comments
Give Quiz Kudos
Give Quiz Kudos
-
- Ratings
hide this ad
More Info
Replay
Link that replays current quiz
Next Quiz
Link to next quiz in quiz playlist
You Got
0%
They Got
Avg Score
65%
Avg Friend Score
Upgrade to see
Score Distribution
Jump to the score distribution portion of the page
Score
0/34
Timer
08:00
0
Plays Today
Team
Player
% Correct
Milwaukee Brewers (385)
Robin Yount
99%
Baltimore Orioles (228)
Eddie Murray
97.1%
Kansas City Royals (9)
George Brett
95.1%
California Angels (107)
Reggie Jackson
93.1%
Milwaukee Brewers (29)
Paul Molitor
93.1%
Milwaukee Brewers (152)
Cecil Cooper
86.3%
Boston Red Sox (10)
Jim Rice
86.3%
Boston Red Sox (57)
Dwight Evans
84.3%
Oakland A's (38)
Rickey Henderson
84.3%
Balitmore Orioles (3)
Cal Ripken
83.3%
Milwaukee Brewers (12)
Rollie Fingers
80.4%
New York Yankees (33)
Dave Winfield
79.4%
Kansas City Royals (16)
Willie Wilson
79.4%
Milwaukee Brewers (44)
Gorman Thomas
77.5%
Kansas City Royals (39)
Dan Quisenberry
76.5%
Kansas City Royals (175)
Hal McRae
75.5%
California Angels (5)
Rod Carew
72.5%
Team
Player
% Correct
California Angels (8)
Don Baylor
70.6%
California Angels (22)
Brian Downing
69.6%
Detroit Tigers (26)
Lance Parrish
68.6%
California Angels (178)
Doug DeCinces
59.8%
Milwaukee Brewers (11)
Pete Vuckovich
56.9%
Baltimore Orioles (5)
Jim Palmer
56.9%
Texas Rangers (3)
Buddy Bell
56.9%
Chicago White Sox (9)
Harold Baines
55.9%
Cleveland Indians (8)
Andre Thornton
52%
California Angels (12)
Bob Boone
42.2%
Cleveland Indians (9)
Toby Harrah
38.2%
Boston Red Sox (6)
Bob Stanley
34.3%
Toronto Blue Jays (5)
Damaso Garcia
33.3%
Boston Red Sox (1)
Carney Lansford
33.3%
Minnesota Twins (1)
Gary Ward
19.6%
Seattle Mariners (4)
Bill Caudill
14.7%
Cleveland Indians (1)
Rick Sutcliffe
12.7%
Quiz Playlist
Details
Report
Send in Message
Add To Playlist
More Info:
Please name all of the players that received consideration in the 1982 AL MVP Award voting. (Point totals in parenthesis).
Classic:
Type in answers that appear in a list
Last Updated: Feb 16, 2017
Quiz Scoreboard
CHALLENGE
Sign Up to Join the Scoreboard
Show All
Scores
Hide
Comments
May contain spoilers
Recently Published
Presidents Visiting Landmarks
by Hejman
History
7m
An Introduction to Baseball
by treessimontrees
Sports
5m
Movies - When Are They Set?
by FPL_Elf
Movies
5m
More to Explore
Quiz From the Vault
Featured Blog Post
Where Did the Easter Bunny Come From?
hide this ad
You Might Also Like...
Tags
American League
MVP Awards
MVP Voting
MVP Winners
Today's Top Quizzes in Sports
Browse Sports
hide this ad
Today's Top Quizzes in MVP Awards
Browse MVP Awards
Top Contributed Quizzes in Sports
1
Les meilleurs buteurs des matchs entre le PSG et l’OM
2
2022 World Cup Stars
3
FIFA Club World Cup Champions
4
Les entraîneurs de l'OM et du PSG au 21e siècle
5
Name the Premier League winners with different clubs
6
5-to-1: UK Sports Teams
7
La finale Lions - Afrique du Sud 2021
8
Criteria MLB: Left Handed Sluggers
9
AFC Teams Reveal (Wrong Answers Minefield)
10
England Test cricketers to play under Nasser Hussain
Explore More
Trending Topics
NBA
Crossword
Disney
Marvel
Anime
Harry Potter
Kpop
Song
WWE
NFL
Puzzle
Soccer
Pokémon
The Office
Country
hide this ad
More By:
Baseballisfun
Quiz
Plays
Rating
Category
Featured
Created
New York Mets Cleanup Hitters of the 1980s
500
3.60
Sports
Apr 30, 2015
Pittsburgh Pirates Cleanup Hitters of the 1980s
357
5.00
Sports
Apr 30, 2015
MLB Active Home Run Leaders to start 1989 season?
327
4.75
Sports
Apr 26, 2015
New York Yankees Cleanup Hitters of the 1980s
325
4.67
Sports
Apr 27, 2015
Boston Red Sox Cleanup Hitters of the 1980s
314
4.67
Sports
Apr 27, 2015
Go to Creator's Profile
Score Distribution
Quiz Creator Spotlight
Baseballisfun
Follow
Send a Message
Quizzes Created
-
Created Quiz Play Count
-
More By This Creator
Popular Quizzes Today
1
Find the US States - No Outlines Minefield
2
Find the Countries of Europe - No Outlines Minefield
3
The Countries of the World
4
Find the US States
5
Popular People in 1961
6
US States
7
Risky Map Clicking: Biggest States A-Z
8
Movies - When Are They Set?
More Sports Quizzes
NFL Hall-of-Famers Named Bob
Curator's Pick
Trending Quizzes
Risky Map Clicking: Least Populous States A-Z
1-10 Letter G Words
1-10 Letter F Words
Risky Map Clicking: Next State Alphabetically
Risky Map Clicking: Biggest States A-Z
Recently Updated
Leaping Animals
pecheneg
Reality TV Shows (A-Z)
bhenderson79
Rickey Henderson's Hall of Fame Teammates
pecheneg
Champions League XIs: Arsenal
pecheneg
Quick Pick: Celebrities in WWE's Hall of Fame
aduchscher
A-Z Keypad Blitz II
pecheneg
Multiple Oscar Actors
pecheneg
Mystery Phrase Blitz: Oscar 'Best Actors'
pecheneg
F. Scott Fitzgerald Novels
LTH
Pick 3 Villains
ddd62291
Trending Topics
Harry Potter
Kpop
NBA
Disney
Crossword
Marvel
Anime
WWE
Soccer
The Office
Pokémon
Song
NFL
Country
Puzzle
Your Account Isn't Verified!
In order to create a playlist on Sporcle, you need to verify the email address you used during registration. Go to your
Sporcle Settings
to finish the process.
Report this User
Report this user for behavior that violates our
Community Guidelines
.
Details:
Send Report
Go to the Sporcle.com Mobile Site →
Comments